UM Logo

Adventures in American literature / (Record no. 19841)

MARC details
000 -LEADER
fixed length control field 00853nam a22002417a 4500
008 - FIXED-LENGTH DATA ELEMENTS--GENERAL INFORMATION
fixed length control field 240325b ||||| |||| 00| 0 eng d
020 ## - INTERNATIONAL STANDARD BOOK NUMBER
International Standard Book Number 015335142X
082 ## - DEWEY DECIMAL CLASSIFICATION NUMBER
Classification number DC 810.8
Item number Ad9 1985
100 ## - MAIN ENTRY--PERSONAL NAME
Personal name Early, James.
9 (RLIN) 55339
245 ## - TITLE STATEMENT
Title Adventures in American literature /
Statement of responsibility, etc. James Early and six others.
250 ## - EDITION STATEMENT
Edition statement Classic edition.
260 ## - PUBLICATION, DISTRIBUTION, ETC. (IMPRINT)
Place of publication, distribution, etc. New York :
Name of publisher, distributor, etc. Harcourt Brace Jovanovich Pub.,
Date of publication, distribution, etc. ©1985.
300 ## - PHYSICAL DESCRIPTION
Extent xvii, 884 pages :
Other physical details illustrations ;
Dimensions 24 cm.
500 ## - GENERAL NOTE
General note Includes glossary and index.
650 ## - SUBJECT ADDED ENTRY--TOPICAL TERM
Topical term or geographic name as entry element American literature.
9 (RLIN) 55512
700 ## - ADDED ENTRY--PERSONAL NAME
Personal name Freier, Robert.
Relator term author.
9 (RLIN) 55340
700 ## - ADDED ENTRY--PERSONAL NAME
Personal name Ellison, Emily.
Relator term author.
9 (RLIN) 55341
700 ## - ADDED ENTRY--PERSONAL NAME
Personal name Gurney, A.R Jr.
Relator term author.
9 (RLIN) 55342
700 ## - ADDED ENTRY--PERSONAL NAME
Personal name Sisk, Jean.
Relator term author.
9 (RLIN) 55343
700 ## - ADDED ENTRY--PERSONAL NAME
Personal name Eisenhauer, Louis.
Relator term author.
9 (RLIN) 55344
700 ## - ADDED ENTRY--PERSONAL NAME
Personal name Folds, Thomas M.
Relator term author.
9 (RLIN) 55345
942 ## - ADDED ENTRY ELEMENTS (KOHA)
Source of classification or shelving scheme Dewey Decimal Classification
Koha item type Circulation
Holdings
Withdrawn status Lost status Source of classification or shelving scheme Damaged status Not for loan Collection code Home library Current library Date acquired Source of acquisition Total Checkouts Full call number Barcode Date last seen Price effective from Koha item type
    Dewey Decimal Classification     Circulation UM Digos College - LIC UM Digos College - LIC 03/25/2024 Purchased   DC 810.8 Ad9 1985 11816 05/15/2025 03/25/2024 Circulation